| 000 | 00369 a2200145 4500 | ||
|---|---|---|---|
| 003 | Nust | ||
| 005 | 20170207170817.0 | ||
| 020 | _a9789535102182 | ||
| 040 | _cNust | ||
| 082 | _a005.8 | ||
| 245 |
_aApplied cryptography and network security (EBBOK) _cEdited by Jaydip Sen |
||
| 260 |
_aCroatia _bInTech _c2012 |
||
| 300 | _a390 p. | ||
| 650 | _acryptography and network security | ||
| 942 |
_2ddc _cBK |
||
| 999 |
_c215693 _d215693 |
||